|
|
|
|
| LEADER |
00000nas a22000007a 4500 |
| 001 |
ssj0000483 |
| 003 |
WaSeSS |
| 005 |
20200512172242.0 |
| 006 |
m d |
| 007 |
cr n |
| 008 |
980330c19719999nyubr pss o 0 a0eng c |
| 010 |
|
|
|a 2004212569
|
| 015 |
|
|
|a GBB349543
|2 bnb
|
| 016 |
7 |
|
|a 2067369-3
|2 DE-600
|
| 016 |
7 |
|
|a 016064214
|2 Uk
|
| 022 |
|
|
|a 1552-146X
|l 0093-0334
|y 0093-0334
|
| 035 |
|
|
|a (WaSeSS)ssj0000483
|
| 037 |
|
|
|b Ingenta, Inc., 111R Chestnut Street, Providence RI 02903
|
| 040 |
|
|
|a FQM
|b eng
|c FQM
|d OCLCQ
|d DLM
|d OCLCQ
|d NSD
|d MUQ
|d OCL
|d EYM
|d HUL
|d NSD
|d OCLCQ
|d UKMGB
|d OCLCQ
|d OCLCO
|d OCLCQ
|d OCLCF
|d OCLCO
|d EUW
|d OCLCO
|d OCLCQ
|d OCLCO
|d OCLCQ
|d DEBBG
|d WT2
|d ZAC
|d NLE
|d ELW
|d OCLCO
|d BUF
|d REB
|d OCLCO
|d APUMS
|d OCLCQ
|d UOK
|d MOW
|d U3W
|d OCLCQ
|d TOF
|d OCLCO
|d WYU
|d AUD
|d OCLCQ
|d VT2
|d OCLCO
|d SFB
|d GWM
|d CNMTR
|d OCLCQ
|d OCLCO
|d WaSeSS
|
| 042 |
|
|
|a pcc
|a nsdp
|
| 050 |
1 |
4 |
|a R724
|
| 060 |
|
4 |
|a INTERNET
|
| 082 |
0 |
4 |
|a 174.2
|2 14
|
| 130 |
0 |
|
|a Hastings Center report (Online)
|
| 210 |
0 |
|
|a Hastings cent. rep.
|b (Online)
|
| 222 |
|
4 |
|a The Hastings Center report
|b (Online)
|
| 245 |
1 |
4 |
|a The Hastings Center report
|h [electronic resource].
|
| 260 |
|
|
|a Hastings-on-Hudson, NY :
|b Institute of Society, Ethics and the Life Sciences,
|c 1971-
|
| 310 |
|
|
|a Bimonthly
|
| 362 |
0 |
|
|a [Vol. 1], no. 1 (June 1971)-
|
| 500 |
|
|
|a Title from caption (JSTOR, viewed Oct. 18, 2006).
|
| 500 |
|
|
|a Published by the Hastings Center, <Dec. 1985->
|
| 500 |
|
|
|a Place of publication varies.
|
| 506 |
|
|
|a License restrictions may limit access.
|
| 515 |
|
|
|a Issues for 1971 lack vol. numbering but constitute v. 1.
|
| 525 |
|
|
|a Special supplements accompany some issues.
|
| 538 |
|
|
|a Mode of access: World Wide Web.
|
| 588 |
1 |
|
|a Vol. 33, no. 6 (Nov./Dec. 2003) (JSTOR, viewed Oct. 18, 2006).
|
| 610 |
2 |
2 |
|a Hastings Center
|
| 650 |
|
0 |
|a Medical ethics
|v Periodicals.
|
| 650 |
|
0 |
|a Bioethics
|v Periodicals.
|
| 650 |
|
6 |
|a Éthique médicale
|v Périodiques.
|
| 650 |
|
6 |
|a Bioéthique
|v Périodiques.
|
| 650 |
|
7 |
|a Bioethics.
|2 fast
|0 (OCoLC)fst00832038
|
| 650 |
|
7 |
|a Medical ethics.
|2 fast
|0 (OCoLC)fst01014081
|
| 650 |
|
7 |
|a Bioethics.
|2 ebps
|
| 653 |
0 |
|
|a Biological sciences
|a Health.
|
| 655 |
|
0 |
|a Electronic journals.
|
| 710 |
2 |
|
|a Institute of Society, Ethics, and the Life Sciences.
|
| 710 |
2 |
|
|a Hastings Center.
|
| 776 |
1 |
|
|t Hastings Center report
|x 0093-0334
|w (DLC) 75643603
|w (OCoLC)2241292
|
| 780 |
0 |
5 |
|t Hastings Center studies (Online)
|g Feb. 1975
|w (DLC) 2006236990
|w (OCoLC)73081306
|
| 856 |
4 |
0 |
|z Full text available from Research Library: 02/01/1988 to 09/30/2012
|u https://search.proquest.com/publication/49217
|